История развития тутового шелкопряда (Bombyx mori L.) в яйце (Запись № 5622759)

Подробности
000 -МАРКЕР
контрольное поле 01740nam0a22003011 4500
001 - ИДЕНТИФИКАТОР ЗАПИСИ
контрольное поле v19\rc\1501497
005 - ИДЕНТИФИКАТОР ВЕРСИИ
контрольное поле 20260406090105.0
035 ## - ДРУГИЕ СИСТЕМНЫЕ НОМЕРА
Идентификатор записи (NLR Aleph) 005232750
100 ## - ДАННЫЕ ОБЩЕЙ ОБРАБОТКИ
Данные общей обработки 20060620d1882 |||y0rusy50 ca
101 0# - ЯЗЫК РЕСУРСА
Язык текста, звукозаписи и т.д. русский
102 ## - СТРАНА ПУБЛИКАЦИИ ИЛИ ПРОИЗВОДСТВА
Страна публикации российская федерация
105 ## - ПОЛЕ КОДИРОВАННЫХ ДАННЫХ: ТЕКСТОВЫЕ МАТЕРИАЛЫ, МОНОГРАФИЧЕСКИЕ
Кодированные данные о монографическом текстовом документе a z |||||
200 1# - ЗАГЛАВИЕ И СВЕДЕНИЯ ОБ ОТВЕТСТВЕННОСТИ
Основное заглавие История развития тутового шелкопряда (Bombyx mori L.) в яйце
210 ## - ПУБЛИКАЦИЯ, РАСПРОСТРАНЕНИЕ И ДР.
Место издания, распространения и т.д. Москва
Имя издателя, распространителя и т. д. тип. А.А. Карцева
Дата издания, распространения и т.д. 1882
215 ## - ФИЗИЧЕСКАЯ ХАРАКТЕРИСТИКА
Специфическое обозначение материала и объем VIII, IV, 80 с., 3 л. цв. ил.
Другие сведения о физической характеристике ил.
Размеры 37
225 1# - СЕРИЯ
Основное заглавие серии Известия Императорского Общества любителей естествознания, антропологии и этнографии, состоящего при Императорском Московском университете
Наименование части Труды Лаборатории при Зоологическом музее Московского университета, изд. под редакцией А.П. Богданова
Обозначение тома Т. 1. Вып. 4
-- Т. 32, вып. 4
300 ## - ОБЩИЕ ПРИМЕЧАНИЯ
Текст примечания Перед загл. авт.: А. Тихомиров
320 ## - ПРИМЕЧАНИЯ О НАЛИЧИИ В ДОКУМЕНТЕ БИБЛИОГРАФИИ / УКАЗАТЕЛЯ
Текст примечания Библиогр.: "Список цитированных сочинений" (стр. I-II)
532 13 - РАСШИРЕННОЕ ЗАГЛАВИЕ
Заглавие История развития тутового шелкопряда Bombyx mori L. в яйце
700 #1 - ИМЯ ЛИЦА - ПЕРВИЧНАЯ ОТВЕТСТВЕННОСТЬ
Материалы, к которым относится поле rus
Графика поля Кириллица
Начальный элемент ввода Тихомиров
Часть имени, кроме начального элемента ввода А. А.
Дополнения к именам, кроме дат д-р зоологии, госчиновник
Даты 1850-1931
Расширение инициалов личного имени Александр Андреевич
Идентификатор авторитетной/нормативной записи RU\NLR\AUTH\7756906
Системный номер авторитетной/нормативной записи 39838
801 #2 - ИСТОЧНИК ЗАПИСИ
Страна российская федерация
Организация NLR
Дата составления 20071010
Источник данных rusmarc
801 #0 - ИСТОЧНИК ЗАПИСИ
Страна российская федерация
Организация NLR
Дата составления 20060620
Правила каталогизации psbo
801 #1 - ИСТОЧНИК ЗАПИСИ
Страна российская федерация
Организация ProSoft-M
Дата составления 20060620
Источник данных rusmarc
852 ## - МЕСТОНАХОЖДЕНИЕ И ШИФР ХРАНЕНИЯ
Идентификатор организации NLR
Шифр хранения (Call Number) П8/181(т. 32, вып. 4)
942 ## - ДОПОЛНИТЕЛЬНЫЕ ЭЛЕМЕНТЫ ЗАПИСИ (АБИС)
Тип экземпляра АБИС Книга
980 ## - КОЛЛЕКЦИЯ
Название коллекции Национальная библиография
Экземпляры
Тип экземпляра Дата поступления Библиотека постоянного хранения Библиотека текущего хранения Место хранения Шифр хранения Штрих-код Статус не для выдачи
Книга 26.10.2013 РНБ (Московский) РНБ (Московский) Русский журнальный фонд П8/181(т. 32, вып. 4) 5232750-10